| 000 | 00382nam a22001097a 4500 | ||
|---|---|---|---|
| 008 | 230612b xxu||||| |||| 00| 0 eng d | ||
| 082 |
_a354.676 _bGOK |
||
| 245 |
_a2013/2014 Estimates of Recurrent Expenditure of the Government of Kenya for the Year Ending 30th June 2014 _cGovernment of Kenya |
||
| 260 |
_aNairobi _bGovernment of Kenya _cJune, 2013 |
||
| 300 | _a898 p | ||
| 942 |
_2ddc _cBK |
||
| 999 |
_c1117 _d1117 |
||